| 000 | 00477nam a2200157 4500 | ||
|---|---|---|---|
| 001 | 120405 | ||
| 003 | ES-MaACL | ||
| 007 | t| | ||
| 008 | 070214s1932 sp r ||||1| spa d | ||
| 100 | 1 |
_aPohl, W. _992742 |
|
| 245 | 1 | 0 |
_aDibujo de máquinas / _cW. Pohl ; versión del alemán por Manuel Company. |
| 260 |
_aBarcelona : _b[s.n.], _c1932 ( _fImp. Guinart y Pujolar) |
||
| 300 |
_a241 p. ; _c23 cm. |
||
| 700 | 1 |
_aCompany, Manuel. _940038 |
|
| 852 |
_aES-MaACL _jB-9221 _bR.18449 |
||
| 999 |
_c120405 _d120405 |
||